000 00892nam a22003017a 4500
003 CHAP
005 20220329143721.0
008 110404s1969 us a r 00010 eng d
010 _a100838
011 _a101810
020 _a0064600971
035 _a112498
040 _cCHAP
082 0 4 _a541.3
_bK65 1969
100 1 _aKittsley, Scott L.
_963396
245 1 0 _aPhysical chemistry
_c/por Scott L Kittsley
250 _a3 ed.
260 _aNew York :
_bBarnes & Noble,
_c1969
300 _a259 p. :
_bilus.
590 _aBATCH-UPD
_b10
_c20130110
_lUCH01
_h2008
590 _aBATCH-UPD
_b10
_c20130410
_lUCH01
_h1328
590 _aBATCH-UPD
_b10
_c20130914
_lUCH01
_h1411
590 _aCONVERSION
_b10
_c20130109
_lUCH01
_h1356
650 1 4 _aFisicoquĂ­mica.
_941125
901 _aBK
942 _cLIBRO
949 _a541.3 K65 1969
_bBC
_cLIBRO
_d33724002236207
_eLIBRO
_f1969
_h114581
_i112498
_sb
999 _c100838
_d100838